00333pab a2200145 454500008004000000100002300040245002900063260000900092300001300101362000800114650001300122650002100135650001300156773001800169180718b2005 xxu||||| |||| 00| 0 eng d aSahoo, Ajaya Kumar aHinduism in the diaspora c2005 ap.71-82. aMar aHinduism aReligion - India aReligion aSocial Change